Statistiques concernant Culture Générale - Série 1803

Cliquez ici pour prendre le quiz!

Statistiques générales

  • Ce quiz a été pris 92 fois
  • Le résultat moyen est 3 sur 10

Statistiques - réponses

QuestionRéponse% Correct
Qu'est-ce qu'une vive ?poisson
90%
Dans quel département français se trouve la plaine de la Crau ?Bouches-du-Rhône
40%
Sous quel nom connait-on mieux le peintre Tiziano Vecellio, Tiziano Vecelli ou Tiziano da Cador (1488-1576) ?Titien
36%
Comment se nomme le massif montagneux peu élevé qui s'étend d'est en ouest entre les Alpes-de-Haute-Provence et le département du Vaucluse ?Luberon
32%
Sur le territoire de quelle commune française se trouve le "camp des Milles" (camp d'internement et de déportation français, ouvert en septembre 1939) ?Aix en Provence
24%
Comment qualifie-t-on un animal dépourvu de pattes, de membres (poisson, amphibien…) ?apode
21%
Qu'est-ce qu'une ulve ?algue
11%
Dans quelle ville du département des Alpes-Maritimes, le peinre Henri Matisse a-t-il vécu (1941 à 1954) ?Vence
7%
Comment se nomme le fleuve côtier normand qui se jette dans la baie du mont Saint-Michel, rejoignant dans cette dernière la Sélune, autre fleuve du sud du département de la Manche ?Sée
5%
Quel mot de 12 lettres commençant par "o" désigne un individu fat, impertinent, prétentieux ?outrecuidant
2%

Distribution des résultats

Percentile par nombre de réponses

% des personnes avec chaque résultat

Votre développement - résultats

Vous n’avez pas pris ce quiz